| 000 | 00000nam 2200000zi 4500 |
| 001 | 9.935858 |
| 003 | CaOODSP |
| 005 | 20240322141901 |
| 006 | m o d f |
| 007 | cr bn||||||||| |
| 008 | 240322t19871987oncab ob f000 0 fre d |
| 020 | |a0662943651 |q(imprimé) |
| 040 | |aCaOODSP|bfre|erda|cCaOODSP |
| 043 | |an-cn--- |
| 045 | |ax8x8 |
| 086 | 1 |aEn63-18/1987F-PDF |
| 086 | 1 |aEn63-18/1987F |
| 100 | 1 |aLynch-Stewart, Pauline, |eauteur. |
| 245 | 13|aLe dépôt acide sur les terres de choix dans l'est du Canada / |cpar P. Lynch-Stewart, E.B. Wiken et G.R. Ironside. |
| 264 | 1|aOttawa, Ontario : |bDirection generale des terres, Conservation et protection, Environnement Canada, |c1987. |
| 264 | 4|c©1987 |
| 300 | |a1 ressource en ligne (viii, 76 pages ) : |billustrations, cartes. |
| 336 | |atexte|btxt|2rdacontent/fre |
| 337 | |ainformatique|bc|2rdamedia/fre |
| 338 | |aressource en ligne|bcr|2rdacarrier/fre |
| 490 | 1 |aL'Inventaire des terres du Canada ; |vrapport n° 18 |
| 500 | |aPublié aussi en anglais sous le titre : Acid deposition on prime resource lands in eastern Canada. |
| 500 | |aÉdition numérisée de l'imprimé [par Environnement et changement climatique Canada]. |
| 504 | |aComprend des références bibliographiques. |
| 650 | 6|aDépôts acides|zCanada (Est) |
| 650 | 6|aDépôts acides|zCanada (Est)|xMesure. |
| 650 | 6|aUtilisation du sol|zCanada (Est)|xClassification. |
| 710 | 2 |aInventaire des terres du Canada, |eorganisme de publication. |
| 775 | 08|tAcid deposition on prime resource lands in eastern Canada / |w(CaOODSP)9.867734 |
| 830 | #0|aRapport (Inventaire des terres du Canada)|vn° 18.|w(CaOODSP)9.867562 |
| 856 | 40|qPDF|s5.60 Mo|uhttps://publications.gc.ca/collections/collection_2024/eccc/En63-18-1987-fra.pdf |